000 00610nam a22002057a 4500
005 20240129121841.0
010 _aENG-139035
020 _a97893944406193
_c349.00
035 _aEN-122567
037 _bDBAD/PUB
082 _a530
_21
100 _aS. MALHOTRA
_961379
245 _aCUET Common University Entrance Test:
_bPhysics/
250 _a1
260 _aNew Delhi
_bLaxmi Publication
270 _a113, GOLDEN HOUSE, GURUDWARA ROAD, DARYAGANJ
_bNew Delhi
_e110002
300 _a300 p.
_c27 cm(pbk)
700 _aGilberg, Richard F.
_eAuthor
_961255
942 _2ddc
_cEN
_h530
_mMAL
999 _c200396
_d200396